| 000 | 00603nam a2200181 a 4500 | ||
|---|---|---|---|
| 005 | 20210219160418.0 | ||
| 008 | 081107s1997 mx r 000 0 spa d | ||
| 035 | _aUPN01000165218 | ||
| 049 | _aUNE | ||
| 080 | _a37.014. 543 (7/8) "1997" ACT. | ||
| 111 | 2 |
_aSeminario Internacional Financiamiento de la Educación en América Latina _d(1997 : _cColombia) |
|
| 245 | 1 | 0 |
_aActas : _cdocumento preparado por Ana María de Andraca. |
| 260 |
_aSantiago de Chile : _bPREAL, _c1997. |
||
| 300 | _a22 p. | ||
| 440 | 0 | _aDocumentos | |
| 690 | _aFinanciacion de la educacion- America Latina | ||
| 905 | _aUNESCO | ||
| 999 |
_c137330 _d137330 |
||